| 000 | 00441nam a2200169Ia 4500 | ||
|---|---|---|---|
| 003 | GCL | ||
| 008 | 140319s9999 xx 000 0 eng d | ||
| 040 |
_aGCL / _cGCL |
||
| 082 | 0 | 4 |
_a004.6 _bG W |
| 100 | 1 | _aGAGNON, ERIC | |
| 245 | 1 | 0 |
_aWHAT'S ON THE INTERNET : SUMMER FALL 1995 / _cGAGNON, ERIC |
| 260 |
_a[S.N] : _bPEACHPIT PRESS ، _c1995 |
||
| 300 | _a366 | ||
| 650 | 0 | 4 | _aINTERNET |
| 650 | 0 | 4 | _aCOMMUNICATION NETWORK |
| 942 |
_2ddc _cBK |
||
| 999 |
_c10371 _d10371 |
||